000 00754nam a2200241Ia 4500
003 OSt
005 20251211100822.0
008 210716s2005 xx 000 0 und d
020 _a8129709392
040 _cAIMIT LIBRARY
041 _aeng
082 _a006.37
_21
_bHOFK
100 _aHoffman, Kevin.
_9248782
245 _aMicrosoft visual c# .net 2003 :
_bunleashed /
_cBy Kevin Hoffman and Lonny Kruger.
250 _a1st ed
260 _aNew Delhi :
_bPearson Education ,
_c2005.
300 _axxvi,976p. ;
_bPB
_c24.6 cm
650 _aWindows applications
_9248783
650 _aExpression and control structures
_9248784
650 _aArrays and collection
_9248785
700 _aKruger, Lonny.
_9248786
942 _2ddc
_cBK
_e1st
_k006.37 HOFK
999 _c187582
_d187582